The reality of prayer. (Record no. 16322)

000 -LEADER
fixed length control field 00496nam a2200169 a 4500
001 - CONTROL NUMBER
control field :::00019188$&:&@@
003 - CONTROL NUMBER IDENTIFIER
control field OkBaRHE
005 - DATE AND TIME OF LATEST TRANSACTION
control field 20010214111951.0
008 - FIXED-LENGTH DATA ELEMENTS--GENERAL INFORMATION
fixed length control field s1924 j 000 0 eng u
040 ## - CATALOGING SOURCE
Transcribing agency
100 1# - MAIN ENTRY--PERSONAL NAME
Personal name Bounds, Edward M., 1835-1913.
245 14 - TITLE STATEMENT
Title The reality of prayer.
260 ## - PUBLICATION, DISTRIBUTION, ETC. (IMPRINT)
Place of publication, distribution, etc New York
Name of publisher, distributor, etc Fleming H. Revell Company
Date of publication, distribution, etc 1924
300 ## - PHYSICAL DESCRIPTION
Extent 155 p.
942 ## - ADDED ENTRY ELEMENTS (KOHA)
Source of classification or shelving scheme
Koha item type Books
Copies
Full call number Koha item type Withdrawn status Date last seen Permanent Location Source of classification or shelving scheme Shelving location Not for loan Price effective from Copy number Lost status Date acquired Barcode Damaged status
BV 210 .B6Books 2010-04-14RHEMA Bible Training College General Stacks 2010-04-141 2010-04-1419188